[Event "Avoine op 25th"]
[Site "Avoine"]
[Date "2010.08.??"]
[Round "7"]
[White "David, Vincent"]
[Black "De Lussac, Estephe"]
[Result "1-0"]
[WhiteElo "2407"]
[BlackElo "1618"]
[PlyCount "67"]
[EventDate "2010.07.??"]
[EventType "swiss"]
[EventRounds "9"]
[EventCountry "FRA"]
[WhiteTeamCountry "FRA"]
[BlackTeamCountry "FRA"]

1. Nf3 Nf6 2. c4 g6 3. b3 Bg7 4. Bb2 O-O 5. g3 d5 6. cxd5 Nxd5 7. Bxg7 Kxg7 8.
Qc2 Nc6 9. Qb2+ Kg8 10. d4 Bf5 11. Nbd2 Nf6 12. Bg2 Qd7 13. O-O Rab8 14. Rfd1
Rfd8 15. Nc4 Qe6 16. Ng5 Qd7 17. Nxf7 Kxf7 18. Bxc6 Qe6 19. Bg2 Bh3 20. Bf1 Kg8
21. Rac1 Rf8 22. d5 Qg4 23. Rd4 Qg5 24. Qd2 Qxd2 25. Nxd2 Rbc8 26. Rh4 Bd7 27.
Bg2 Bb5 28. a4 Ba6 29. Rd4 Rfd8 30. e3 e5 31. dxe6 Re8 32. b4 c6 33. Nb3 Rxe6
34. b5 1-0

[Event "Avoine op 25th"]
[Site "Avoine"]
[Date "2010.08.??"]
[Round "7"]
[White "Grigore, George Gabriel"]
[Black "Ollier, Pablo"]
[Result "1/2-1/2"]
[WhiteElo "2532"]
[BlackElo "2293"]
[PlyCount "140"]
[EventDate "2010.07.??"]
[EventType "swiss"]
[EventRounds "9"]
[EventCountry "FRA"]
[WhiteTeamCountry "FRA"]
[BlackTeamCountry "FRA"]

1. d4 Nf6 2. c4 e6 3. Nc3 Bb4 4. Qc2 O-O 5. a3 Bxc3+ 6. Qxc3 d6 7. Nf3 Nbd7 8.
g3 b6 9. Bg2 Bb7 10. O-O c5 11. b4 Qe7 12. Bb2 cxd4 13. Qxd4 e5 14. Qe3 Bxf3
15. exf3 Rac8 16. Rac1 Qe6 17. Rfd1 Rc7 18. Qd3 Rfc8 19. Qxd6 Rxc4 20. Qxe6
fxe6 21. Bf1 Rc2 22. Bd3 Rxc1 23. Rxc1 Rxc1+ 24. Bxc1 Kf7 25. Kf1 Ke7 26. Ke2
Kd6 27. Bb5 Nd5 28. Bb2 N7f6 29. Bd3 Ne7 30. Kd2 Ned5 31. Kc2 h6 32. Kb3 Nc7
33. a4 a6 34. Ba3 b5 35. Bb2 Kd5 36. Bf1 Kd6 37. Be2 Kd5 38. Bc1 Kd6 39. Be3
Nd7 40. Bd3 Kd5 41. Be4+ Kd6 42. Bb7 Nb8 43. Bc5+ Kd7 44. a5 Ne8 45. Kc3 Kc7
46. Ba8 Nd7 47. Be3 Kb8 48. Be4 Nef6 49. Kd3 Kc7 50. Bg6 Nd5 51. Bd2 Nb8 52.
Be4 Nc6 53. Bxd5 exd5 54. f4 e4+ 55. Ke3 Kd6 56. f3 exf3 57. Kxf3 Ke6 58. g4 g6
59. h3 Nd4+ 60. Ke3 Nc6 61. Kd3 Kf6 62. Kc3 h5 63. Be3 hxg4 64. hxg4 Ke6 65.
Bd4 Ne7 66. Kd3 Nc6 67. Bc5 Kf6 68. Ke3 Ke6 69. Kf3 Kf6 70. Ke3 Ke6 1/2-1/2

[Event "Avoine op 25th"]
[Site "Avoine"]
[Date "2010.07.17"]
[Round "?.7"]
[White "Doncea, Vladimir"]
[Black "Pucher, Sebastien"]
[Result "1-0"]
[WhiteElo "2474"]
[BlackElo "2251"]
[PlyCount "239"]
[EventDate "2010.07.??"]
[EventType "swiss"]
[EventRounds "9"]
[EventCountry "FRA"]
[WhiteTeamCountry "FRA"]
[BlackTeamCountry "FRA"]

1. Nf3 c5 2. e3 Nf6 3. c4 g6 4. a3 Bg7 5. b4 b6 6. Bb2 O-O 7. Be2 e6 8. O-O d5
9. Qc2 Nbd7 10. d4 cxd4 11. Bxd4 dxc4 12. Nbd2 Qc7 13. Qxc4 Qxc4 14. Nxc4 Bb7
15. Nd6 Bd5 16. Rfc1 a5 17. Rc7 Rfd8 18. Rac1 axb4 19. axb4 Bf8 20. Nc8 Bxb4
21. Nxb6 Nxb6 22. Bxf6 Rdc8 23. Bd4 Rxc7 24. Rxc7 Nc8 25. Ne5 Bd6 26. Rd7 Be7
27. Ng4 Bc6 28. Rc7 Be8 29. Bf3 Rb8 30. Bb7 Nd6 31. Rxe7 Rxb7 32. Nf6+ Kf8 33.
Rxe8+ Nxe8 34. Bc5+ Nd6 35. Bxd6+ Kg7 36. Ne8+ Kh6 37. h4 g5 38. hxg5+ Kxg5 39.
Bf4+ Kg6 40. Nd6 Rb2 41. Bg3 Ra2 42. Kh2 Ra4 43. Nb5 Ra5 44. Nd4 Rh5+ 45. Kg1
Ra5 46. Ne2 Ra2 47. Nf4+ Kg5 48. Nh3+ Kh5 49. Be5 Ra5 50. Bf6 Kg6 51. Bd4 Kh5
52. Kh2 Kg4 53. Bf6 Kf5 54. Bd8 Ra8 55. Be7 Ra7 56. Bh4 Ra4 57. Bg5 Rb4 58. Bf4
Kg4 59. Be5 Kf5 60. Bc3 Rc4 61. Bd4 Kg4 62. f3+ Kf5 63. Kg3 Rc2 64. Bb6 Rd2 65.
Bc5 Kf6 66. Bd4+ Kg6 67. Nf4+ Kg5 68. Nh3+ Kg6 69. Kh4 h6 70. Kg3 Ra2 71. Nf4+
Kh7 72. Nd3 Rd2 73. Ne5 Kg8 74. Kh3 Rc2 75. Kh2 Ra2 76. Kg3 Rc2 77. Kh3 Rd2 78.
g3 Ra2 79. Ng4 Kh7 80. Ne5 Kg8 81. Nd7 Rc2 82. Nf6+ Kg7 83. Kg4 Kg6 84. Nd7 Kh7
85. Ne5 Kg8 86. Nd3 Kh7 87. Kf4 Rg2 88. Nc5 Kg6 89. Nd7 Kh7 90. Be5 Rd2 91. Bd4
Rg2 92. Nf6+ Kg6 93. g4 Rf2 94. Kg3 Rf1 95. Nd7 Kh7 96. Ne5 Kg8 97. Nd3 Kh7 98.
Be5 Rd1 99. Nf2 Re1 100. Bd4 Rg1+ 101. Kh2 Rf1 102. Kg2 Rc1 103. Nd3 Rd1 104.
Ne5 Kg8 105. f4 Rc1 106. Kf2 Rc2+ 107. Kg3 Rc1 108. Nf3 Kh7 109. Ne5 Kg8 110.
Kf3 Rf1+ 111. Ke4 Rd1 112. Nd7 Rg1 113. Ke5 Rb1 114. Kf6 Rb7 115. Ne5 Rc7 116.
Bb6 Rc8 117. Ba5 Ra8 118. Bb4 Ra4 119. Bc5 Ra5 120. Be7 1-0

[Event "Avoine op 25th"]
[Site "Avoine"]
[Date "2010.07.21"]
[Round "7"]
[White "Plachetka, Jan"]
[Black "Cau, Benjamin"]
[Result "1/2-1/2"]
[WhiteElo "2351"]
[BlackElo "2172"]
[PlyCount "99"]
[EventDate "2010.07.??"]
[EventType "swiss"]
[EventRounds "9"]
[EventCountry "FRA"]
[WhiteTeamCountry "FRA"]
[BlackTeamCountry "FRA"]

1. e4 c6 2. d3 d5 3. Nd2 e5 4. Ngf3 Bd6 5. g3 Nf6 6. Bg2 O-O 7. O-O Bg4 8. h3
Bh5 9. Qe1 Re8 10. Nh4 Bg6 11. a4 Nbd7 12. Nxg6 hxg6 13. Nb3 Nc5 14. Nxc5 Bxc5
15. b4 Bd6 16. a5 a6 17. Bd2 Qe7 18. Rb1 Rad8 19. Qe2 Bb8 20. c3 Ba7 21. Bg5
dxe4 22. dxe4 Qe6 23. Rbd1 Qe7 24. Qc4 Rd7 25. Bf3 Red8 26. Kg2 Rd6 27. Rxd6
Rxd6 28. Rd1 Qd7 29. Rxd6 Qxd6 30. Qe2 Kf8 31. Be3 Bxe3 32. Qxe3 Kg8 33. Be2
Nd7 34. Qa7 Qb8 35. Qxb8+ Nxb8 36. Bg4 c5 37. Bc8 cxb4 38. cxb4 Nc6 39. Bxb7
Nxb4 40. Kf3 Kf8 41. Ke3 Ke7 42. f4 f6 43. h4 Kd7 44. g4 Nc6 45. g5 Nxa5 46.
Bxa6 exf4+ 47. Kxf4 Ke7 48. e5 Nc6 49. exf6+ gxf6 50. Bd3 1/2-1/2

[Event "Avoine op 25th"]
[Site "Avoine"]
[Date "2010.07.21"]
[Round "7"]
[White "Duhayon, Yves"]
[Black "Dieu, Bruno"]
[Result "0-1"]
[WhiteElo "2211"]
[BlackElo "2296"]
[PlyCount "54"]
[EventDate "2010.07.??"]
[EventType "swiss"]
[EventRounds "9"]
[EventCountry "FRA"]
[WhiteTeamCountry "FRA"]
[BlackTeamCountry "FRA"]

1. d4 d5 2. Nf3 e6 3. g3 c5 4. Bg2 Nc6 5. O-O Nf6 6. b3 Be7 7. Bb2 O-O 8. Nbd2
b6 9. c4 Bb7 10. cxd5 exd5 11. dxc5 Bxc5 12. Ne5 Nxe5 13. Bxe5 Qe7 14. Nf3 Ne4
15. Bd4 Ba3 16. Nh4 Nd2 17. Nf3 Bc1 18. a3 Ba6 19. Be3 g6 20. a4 h5 21. b4 b5
22. axb5 Bxb5 23. Bd4 Bxe2 24. Ne5 f5 25. Nc4 a5 26. Bc3 Bxc4 27. Be5 Ba3 0-1

[Event "Avoine op 25th"]
[Site "Avoine"]
[Date "2010.07.18"]
[Round "7"]
[White "Dessenne, Francois"]
[Black "Inkiov, Ventzislav"]
[Result "0-1"]
[WhiteElo "2063"]
[BlackElo "2474"]
[PlyCount "118"]
[EventDate "2010.07.??"]
[EventType "swiss"]
[EventRounds "9"]
[EventCountry "FRA"]
[WhiteTeamCountry "FRA"]
[BlackTeamCountry "FRA"]

1. e4 c5 2. Nf3 d6 3. d4 cxd4 4. Nxd4 Nf6 5. Nc3 Nc6 6. Bc4 e6 7. Be3 a6 8. Qe2
Qc7 9. O-O-O Na5 10. Bd3 b5 11. g4 b4 12. Nb1 Bb7 13. Nd2 d5 14. f3 dxe4 15.
fxe4 Be7 16. g5 Nd7 17. Rhg1 Nc5 18. b3 g6 19. Kb1 e5 20. N4f3 O-O 21. Rc1 Rfd8
22. h4 Nc6 23. Nc4 Na5 24. Ncd2 Nxd3 25. cxd3 Qd6 26. d4 exd4 27. Bxd4 Nc6 28.
Bc5 Qe6 29. Qc4 Qxc4 30. Rxc4 Bxc5 31. Rxc5 Nd4 32. Re1 Nb5 33. Kc2 Na3+ 34.
Kb2 Rd3 35. Rc7 Bc8 36. Rf1 Be6 37. Nc4 Nxc4+ 38. bxc4 Rf8 39. Rf2 a5 40. Ra7
Re3 41. Nd2 Rh3 42. Rxa5 Rxh4 43. Rb5 Rg4 44. Kb3 Ra8 45. Kxb4 Rxa2 46. Ra5
Rb2+ 47. Kc3 Rb8 48. Rf3 Rg1 49. Rf1 Rg2 50. Rf3 Rc8 51. Re5 Rg1 52. c5 Rc1+
53. Kd4 Rc2 54. Rd3 Kg7 55. Rxe6 fxe6 56. Nc4 Rc1 57. Rf3 Ra1 58. Ke5 Rxc5+ 59.
Kxe6 Rxc4 0-1

[Event "Avoine op 25th"]
[Site "Avoine"]
[Date "2010.08.??"]
[Round "7"]
[White "Heurtebize, Christophe"]
[Black "Sanduleac, Vasile"]
[Result "0-1"]
[WhiteElo "2057"]
[BlackElo "2451"]
[PlyCount "60"]
[EventDate "2010.07.??"]
[EventType "swiss"]
[EventRounds "9"]
[EventCountry "FRA"]
[WhiteTeamCountry "FRA"]
[BlackTeamCountry "FRA"]

1. c4 d6 2. Nc3 e5 3. g3 f5 4. Bg2 Nf6 5. e3 Be7 6. Nge2 O-O 7. d3 c6 8. O-O
Be6 9. Bd2 Nbd7 10. b3 a6 11. d4 Bf7 12. e4 fxe4 13. Nxe4 Nxe4 14. Bxe4 Bh5 15.
Be3 Nf6 16. Bg2 Ng4 17. Bd2 Qb6 18. Qe1 Rae8 19. Ba5 Qa7 20. h3 Nf6 21. dxe5
dxe5 22. Bd2 Bc5 23. Bc3 Bb6 24. Bf3 e4 25. Bh1 e3 26. fxe3 Bxe3+ 27. Kg2 Bd4
28. Qc1 Ne4 29. Rf4 Rxf4 30. Nxf4 Bxc3 0-1

[Event "Avoine op 25th"]
[Site "Avoine"]
[Date "2010.08.??"]
[Round "7"]
[White "Laurent, Michel"]
[Black "Rabineau, Clement"]
[Result "0-1"]
[WhiteElo "2054"]
[BlackElo "2305"]
[PlyCount "106"]
[EventDate "2010.07.??"]
[EventType "swiss"]
[EventRounds "9"]
[EventCountry "FRA"]
[WhiteTeamCountry "FRA"]
[BlackTeamCountry "FRA"]

1. d4 g6 2. e4 Bg7 3. g3 d6 4. Bg2 Nf6 5. Ne2 O-O 6. O-O e5 7. dxe5 dxe5 8.
Nbc3 Nc6 9. Be3 Ng4 10. Bc5 Re8 11. h3 Nf6 12. Be3 Nb4 13. Qxd8 Rxd8 14. Rac1
c6 15. a3 Na6 16. Rfd1 Rxd1+ 17. Rxd1 Be6 18. Nc1 Bf8 19. Nd3 Nd7 20. h4 f6 21.
f3 Nac5 22. Nxc5 Bxc5 23. Kf2 Kf7 24. Bf1 a5 25. Bc4 Bxe3+ 26. Kxe3 Ke7 27.
Bxe6 Kxe6 28. h5 b5 29. hxg6 hxg6 30. Rh1 Nc5 31. Rh7 b4 32. Nb1 Rb8 33. axb4
axb4 34. Nd2 Ra8 35. Nc4 b3 36. Rc7 bxc2 37. Kd2 Nb3+ 38. Kxc2 Nd4+ 39. Kb1 Rh8
40. Rg7 Nxf3 41. Kc2 Ng5 42. Nd2 Rh3 43. b4 Rxg3 44. Rc7 Kd6 45. Rg7 Nf3 46.
Nc4+ Ke6 47. Nb6 Nd4+ 48. Kd2 f5 49. exf5+ Kxf5 50. Nc4 Ke6 51. Rg8 Kd5 52. Na5
Rg2+ 53. Ke3 Re2+ 0-1

[Event "Avoine op 25th"]
[Site "Avoine"]
[Date "2010.07.17"]
[Round "7"]
[White "Lukasiewicz, Grzegorz"]
[Black "Naudion, Gregoire"]
[Result "1-0"]
[WhiteElo "2264"]
[BlackElo "2049"]
[PlyCount "49"]
[EventDate "2010.07.??"]
[EventType "swiss"]
[EventRounds "9"]
[EventCountry "FRA"]
[WhiteTeamCountry "FRA"]
[BlackTeamCountry "FRA"]

1. d4 d6 2. e4 Nf6 3. Nc3 Nbd7 4. Bc4 e5 5. Nf3 Be7 6. O-O O-O 7. a4 a6 8. Qe2
exd4 9. Nxd4 Ne5 10. Bb3 c5 11. Nf5 Re8 12. Nxe7+ Qxe7 13. Bg5 Nc6 14. Nd5 Qxe4
15. Qd2 Qg6 16. Bxf6 gxf6 17. Nc7 Nd4 18. Bd5 Bh3 19. Kh1 Re2 20. Qa5 Be6 21.
Bxe6 Nxe6 22. Nxa8 Nf4 23. Rg1 Rxf2 24. Qd8+ Kg7 25. Qxd6 1-0

[Event "Avoine op 25th"]
[Site "Avoine"]
[Date "2010.07.17"]
[Round "7"]
[White "Bonn, Thomas"]
[Black "Bruneau, Francois"]
[Result "1-0"]
[WhiteElo "2250"]
[BlackElo "2032"]
[PlyCount "29"]
[EventDate "2010.07.??"]
[EventType "swiss"]
[EventRounds "9"]
[EventCountry "FRA"]
[WhiteTeamCountry "FRA"]
[BlackTeamCountry "FRA"]

1. e4 d6 2. d4 Nf6 3. Nc3 g6 4. Be3 c6 5. Qd2 b5 6. f3 Nbd7 7. O-O-O Nb6 8. g4
h5 9. g5 Nfd7 10. d5 cxd5 11. Nxd5 Ba6 12. Bxb6 Nxb6 13. Qc3 Nxd5 14. Qc6+ Qd7
15. Qxa8+ 1-0

[Event "Avoine op 25th"]
[Site "Avoine"]
[Date "????.??.??"]
[Round "7"]
[White "Godart, Francois"]
[Black "Letemple, Frederic"]
[Result "1-0"]
[WhiteElo "2240"]
[BlackElo "2011"]
[PlyCount "49"]
[EventDate "2010.07.??"]
[EventType "swiss"]
[EventRounds "9"]
[EventCountry "FRA"]
[WhiteTeamCountry "FRA"]
[BlackTeamCountry "FRA"]

1. d4 Nf6 2. c4 g6 3. Nc3 Bg7 4. e4 d6 5. f4 O-O 6. Nf3 c5 7. d5 e6 8. Be2 exd5
9. cxd5 Re8 10. e5 dxe5 11. fxe5 Ng4 12. Bg5 Qb6 13. O-O Nxe5 14. Nxe5 Bxe5 15.
Qd2 Nd7 16. Rad1 Bd4+ 17. Kh1 a6 18. Qf4 f5 19. d6 Be5 20. Bc4+ Kh8 21. Rfe1 h5
22. Rxe5 Nxe5 23. Be7 Kh7 24. Qxe5 Bd7 25. Nd5 1-0

[Event "Avoine op 25th"]
[Site "Avoine"]
[Date "2010.07.20"]
[Round "7.22"]
[White "Ashanina, Olga"]
[Black "Stephan, Victor"]
[Result "0-1"]
[WhiteElo "2012"]
[BlackElo "2234"]
[PlyCount "90"]
[EventDate "2010.07.??"]
[EventType "swiss"]
[EventRounds "9"]
[EventCountry "FRA"]
[WhiteTeamCountry "FRA"]
[BlackTeamCountry "FRA"]

1. e4 c5 2. Nf3 d6 3. d4 Nf6 4. Nc3 cxd4 5. Nxd4 g6 6. Be3 Bg7 7. f3 Nc6 8. Bc4
O-O 9. Qd2 Bd7 10. O-O-O Rc8 11. Bb3 Ne5 12. h4 h5 13. Bh6 Nc4 14. Bxc4 Rxc4
15. Bxg7 Kxg7 16. Nd5 e5 17. Nb3 Nxd5 18. Qxd5 Rc6 19. g4 hxg4 20. h5 Qg5+ 21.
Kb1 Be6 22. Qd3 Bc4 23. h6+ Kh7 24. Qd2 Qxd2 25. Rxd2 gxf3 26. Rf2 Be2 27. Nc1
f5 28. exf5 Rxf5 29. Nxe2 fxe2 30. Rxe2 Rh5 31. Reh2 Rxh2 32. Rxh2 d5 33. Kc1
Rf6 34. Kd2 Rf5 35. Kd3 Rf3+ 36. Ke2 e4 37. Rh4 Rf5 38. c4 dxc4 39. Rxe4 Rb5
40. Rxc4 Rxb2+ 41. Ke3 Rxa2 42. Rc7+ Kxh6 43. Rxb7 a5 44. Ra7 a4 45. Ra6 a3 0-1

[Event "Avoine op 25th"]
[Site "Avoine"]
[Date "2010.??.??"]
[Round "7"]
[White "Duboue, Peio"]
[Black "Frick, Christoph"]
[Result "0-1"]
[WhiteElo "2018"]
[BlackElo "2224"]
[PlyCount "74"]
[EventDate "2010.07.??"]
[EventType "swiss"]
[EventRounds "9"]
[EventCountry "FRA"]
[WhiteTeamCountry "FRA"]
[BlackTeamCountry "FRA"]

1. e4 g6 2. d4 Bg7 3. Nc3 d6 4. Be3 a6 5. Qd2 Nd7 6. f4 Ngf6 7. h3 b5 8. e5 b4
9. Nce2 Nd5 10. Bf2 N7b6 11. Nc1 Bb7 12. Bd3 Bh6 13. Nce2 O-O 14. Nf3 f6 15.
Bg3 fxe5 16. dxe5 c5 17. h4 dxe5 18. Nxe5 Nf6 19. O-O-O Qd5 20. b3 Nh5 21. Qe3
Nxg3 22. Nxg6 hxg6 23. Qxg3 Qf7 24. Kb1 Bg7 25. Bxg6 Qf6 26. c3 bxc3 27. Kc2
Kh8 28. h5 Bh6 29. Rhf1 Nd5 30. a3 Qe6 31. Nxc3 Ne3+ 32. Kb2 Nxf1 33. Rxf1 Rad8
34. Re1 Qf6 35. f5 Rd2+ 36. Kb1 Rxg2 37. Qe5 Bg7 0-1

[Event "Avoine op 25th"]
[Site "Avoine"]
[Date "2010.??.??"]
[Round "7"]
[White "Schwarzat, Julian"]
[Black "Fomichenko, Svetlana"]
[Result "1/2-1/2"]
[WhiteElo "2007"]
[BlackElo "2217"]
[PlyCount "90"]
[EventDate "2010.07.??"]
[EventType "swiss"]
[EventRounds "9"]
[EventCountry "FRA"]
[WhiteTeamCountry "FRA"]
[BlackTeamCountry "FRA"]

1. e4 c5 2. Nf3 Nc6 3. d4 cxd4 4. Nxd4 e5 5. Nb5 d6 6. Be2 Be7 7. O-O a6 8.
N5c3 Be6 9. Be3 Bg5 10. Nd5 Bxe3 11. Nxe3 Nf6 12. Nc3 O-O 13. Kh1 Rc8 14. Ng4
Nd4 15. Nxf6+ Qxf6 16. Bd3 Qh4 17. Ne2 Nc6 18. c3 Rcd8 19. Ng3 d5 20. exd5 Bxd5
21. Qc2 g6 22. Be4 Be6 23. Bxc6 bxc6 24. Rad1 f5 25. f3 Rd5 26. Rxd5 cxd5 27.
Qe2 Re8 28. Qxa6 e4 29. Qc6 Bf7 30. fxe4 dxe4 31. b3 e3 32. Ne2 Qd8 33. Nd4 Bd5
34. Qb5 Qa8 35. Qe2 Re4 36. Kg1 f4 37. Nf3 h6 38. c4 Bb7 39. Rd1 Qe8 40. Nd4
Re7 41. c5 Re5 42. b4 Qa8 43. Nf3 Rd5 44. Qc4 Qa6 45. Qc2 Rxd1+ 1/2-1/2

[Event "Avoine op 25th"]
[Site "Avoine"]
[Date "2010.??.??"]
[Round "7.57"]
[White "Crouan, Stephane"]
[Black "Algaba, Solene"]
[Result "1-0"]
[WhiteElo "2216"]
[BlackElo "1997"]
[PlyCount "81"]
[EventDate "2010.07.??"]
[EventType "swiss"]
[EventRounds "9"]
[EventCountry "FRA"]
[WhiteTeamCountry "FRA"]
[BlackTeamCountry "FRA"]

1. e4 c5 2. Nf3 d6 3. d4 cxd4 4. Nxd4 Nf6 5. Nc3 a6 6. g3 e5 7. Nde2 Be7 8. Bg2
Be6 9. O-O Nbd7 10. h3 Nb6 11. Nd5 Nfxd5 12. exd5 Bf5 13. Kh2 O-O 14. b3 Rc8
15. c4 Nd7 16. Be3 b5 17. cxb5 axb5 18. a4 Bc2 19. Qd2 Bxb3 20. axb5 Bc4 21.
Rfb1 Nc5 22. Nc1 Rb8 23. Rb4 Bxb5 24. Rab1 Qd7 25. Qb2 Na4 26. Qb3 Qf5 27. Na2
Nc5 28. Bxc5 dxc5 29. Rxb5 Rxb5 30. Qxb5 Qxf2 31. Nc3 h5 32. Ne4 Qd4 33. Qd7
Bd8 34. Rb8 Be7 35. Rxf8+ Bxf8 36. d6 c4 37. Qe8 c3 38. d7 c2 39. Ng5 Qd6 40.
Qxf7+ Kh8 41. Qxh5+ 1-0

[Event "Avoine op 25th"]
[Site "Avoine"]
[Date "2010.08.??"]
[Round "7"]
[White "Saatdjian, Stephane"]
[Black "Le Borgne, Pierre"]
[Result "*"]
[WhiteElo "2011"]
[BlackElo "2216"]
[PlyCount "34"]
[EventDate "2010.07.??"]
[EventType "swiss"]
[EventRounds "9"]
[EventCountry "FRA"]
[WhiteTeamCountry "FRA"]
[BlackTeamCountry "FRA"]

1. e4 d6 2. d4 g6 3. f4 Bg7 4. Nf3 c5 5. Nc3 cxd4 6. Nxd4 Nc6 7. Be3 Nf6 8. Qd2
O-O 9. O-O-O Nxd4 10. Bxd4 Be6 11. h3 Qa5 12. Kb1 Nxe4 13. Qd3 Bxd4 14. Qxd4
Nxc3+ 15. Qxc3 Qxa2+ 16. Kc1 Qa1+ 17. Kd2 Qa4 *

[Event "Avoine op 25th"]
[Site "Avoine"]
[Date "2010.??.??"]
[Round "7"]
[White "Bonnaud, Remy"]
[Black "Devallee, Jeremie"]
[Result "0-1"]
[WhiteElo "2183"]
[BlackElo "1990"]
[PlyCount "86"]
[EventDate "2010.07.??"]
[EventType "swiss"]
[EventRounds "9"]
[EventCountry "FRA"]
[WhiteTeamCountry "FRA"]
[BlackTeamCountry "FRA"]

1. e4 e6 2. d4 d5 3. Nc3 Bb4 4. exd5 exd5 5. Bd3 Qf6 6. Nge2 c6 7. Bf4 Nd7 8.
O-O Ne7 9. a3 Bd6 10. Bxd6 Qxd6 11. Ng3 Nf6 12. Re1 g6 13. Qd2 h6 14. Re2 Bg4
15. f3 Be6 16. Rae1 O-O-O 17. Na4 b6 18. b4 h5 19. Ba6+ Kb8 20. Qg5 h4 21. Nf1
Nd7 22. Nc5 bxc5 23. bxc5 Nxc5 24. dxc5 Qxc5+ 25. Kh1 Ka8 26. Ne3 Rb8 27. Bd3
Rh5 28. Qf6 d4 29. Nf1 Nd5 30. Qg7 Nf4 31. Rd2 h3 32. gxh3 Nxd3 33. Rxd3 Qxc2
34. Rxd4 Qc3 35. Re3 Qa1 36. Kg2 c5 37. Rxe6 Rg5+ 38. Kf2 fxe6 39. Rd7 Rb7 40.
Ke3 Rb3+ 41. Kf4 Qc1+ 42. Nd2 Rf5+ 43. Ke4 Qc2+ 0-1

[Event "Avoine op 25th"]
[Site "Avoine"]
[Date "2010.08.??"]
[Round "7"]
[White "Schneider, Daniel"]
[Black "Oei, Hway Ik"]
[Result "1/2-1/2"]
[WhiteElo "1961"]
[BlackElo "2148"]
[PlyCount "71"]
[EventDate "2010.07.??"]
[EventType "swiss"]
[EventRounds "9"]
[EventCountry "FRA"]
[WhiteTeamCountry "FRA"]
[BlackTeamCountry "FRA"]

1. e4 c5 2. Nf3 d6 3. d4 cxd4 4. Nxd4 Nf6 5. Nc3 a6 6. Bc4 e6 7. Bb3 Be7 8. Be3
Nc6 9. O-O O-O 10. f4 Nxd4 11. Bxd4 b5 12. a3 Bb7 13. Qe2 Qc7 14. f5 e5 15. Bf2
Rac8 16. Rad1 Nd7 17. Be3 Nb6 18. Qg4 Bf6 19. Rd2 Rfd8 20. Rfd1 Nc4 21. Bxc4
bxc4 22. Qe2 Rb8 23. Qf2 Bc6 24. g4 h6 25. h4 Qe7 26. g5 hxg5 27. hxg5 Bxg5 28.
Qg3 Bxe3+ 29. Qxe3 Rb7 30. Rh2 Qf6 31. Qh3 Kf8 32. Qh5 Ke7 33. Qe2 Qg5+ 34. Rg2
Qh6 35. Rh2 Qg5+ 36. Rg2 1/2-1/2

[Event "Avoine op 25th"]
[Site "Avoine"]
[Date "2010.08.??"]
[Round "7"]
[White "Le Ray, Jean Yves"]
[Black "Bouget, Alexandre"]
[Result "0-1"]
[WhiteElo "1960"]
[BlackElo "2140"]
[PlyCount "60"]
[EventDate "2010.07.??"]
[EventType "swiss"]
[EventRounds "9"]
[EventCountry "FRA"]
[WhiteTeamCountry "FRA"]
[BlackTeamCountry "FRA"]

1. Nf3 d5 2. g3 c5 3. Bg2 Nc6 4. O-O e5 5. d3 f6 6. e4 d4 7. Nbd2 Be6 8. a4
Nge7 9. Nc4 Nc8 10. Nh4 Nb6 11. b3 Nxc4 12. bxc4 Qd7 13. f4 Bd6 14. Rf2 Rc8 15.
Bd2 Nb4 16. Qb1 Rc6 17. c3 dxc3 18. Bxc3 exf4 19. gxf4 Ra6 20. e5 fxe5 21. f5
Bf7 22. Qf1 O-O 23. f6 g6 24. Be4 Qg4+ 25. Ng2 Bxc4 26. Kh1 Qxe4 27. f7+ Rxf7
28. Rxf7 Nxd3 29. Qf6 Bxf7 30. Rf1 Qd5 0-1

[Event "Avoine op 25th"]
[Site "Avoine"]
[Date "2010.07.17"]
[Round "7"]
[White "Maloberti, David"]
[Black "Aumont, Alexandre"]
[Result "0-1"]
[WhiteElo "2136"]
[BlackElo "1898"]
[PlyCount "94"]
[EventDate "2010.07.??"]
[EventType "swiss"]
[EventRounds "9"]
[EventCountry "FRA"]
[WhiteTeamCountry "FRA"]
[BlackTeamCountry "FRA"]

1. d4 f5 2. c4 Nf6 3. Nf3 g6 4. Nc3 Bg7 5. Bf4 d6 6. h4 Nh5 7. Bd2 Nc6 8. e3 e5
9. d5 Ne7 10. Be2 h6 11. Qb3 c5 12. dxc6 bxc6 13. Na4 e4 14. Nd4 Nf6 15. Bc3
O-O 16. Rd1 Qc7 17. Qa3 Bd7 18. Nb3 Nc8 19. Ba5 Qb8 20. Nc3 Rf7 21. c5 d5 22.
g3 Ne7 23. Nd4 g5 24. hxg5 hxg5 25. Bh5 Rf8 26. Nce2 Nh7 27. Bc3 Rf6 28. b4 Rh6
29. g4 fxg4 30. Ng3 Be5 31. Nde2 Nf6 32. Qb2 Bxc3+ 33. Qxc3 Qf8 34. Qe5 Qg7 35.
Qc7 Qh8 36. Nd4 Nf5 37. Bf7+ Kxf7 38. Rxh6 Nxh6 39. Nxc6 Kg8 40. Ne5 Ba4 41.
Qd6 Bxd1 42. Kxd1 Qg7 43. Qe6+ Kh8 44. c6 Re8 45. Qd6 Nf7 46. Nxf7+ Qxf7 47. c7
Rc8 0-1

[Event "Avoine op 25th"]
[Site "Avoine"]
[Date "2010.07.17"]
[Round "7"]
[White "Carvallo, Henri"]
[Black "Purenne, Benoit"]
[Result "1/2-1/2"]
[WhiteElo "2133"]
[BlackElo "1896"]
[PlyCount "158"]
[EventDate "2010.07.??"]
[EventType "swiss"]
[EventRounds "9"]
[EventCountry "FRA"]
[WhiteTeamCountry "FRA"]
[BlackTeamCountry "FRA"]

1. d4 Nf6 2. Bf4 e6 3. e3 c5 4. c3 Nc6 5. Nf3 d5 6. Nbd2 Bd6 7. Bg3 Qe7 8. Ne5
Bxe5 9. dxe5 Nd7 10. f4 O-O 11. Bd3 f6 12. Nf3 c4 13. Bc2 f5 14. Bh4 Qe8 15.
Nd4 Nc5 16. O-O Nxd4 17. Qxd4 b6 18. Kh1 Qh5 19. Be7 Qe2 20. Bxf8 Kxf8 21. Qd1
Qxd1 22. Raxd1 a5 23. g4 Bb7 24. Kg1 g6 25. h3 Kf7 26. Kf2 b5 27. a3 Rb8 28.
Ra1 Ba6 29. Rfb1 Rd8 30. Rg1 Rb8 31. Rgb1 Rd8 32. Kg3 Rg8 33. g5 a4 34. Rd1 Bb7
35. Rg1 Bc6 36. h4 Rc8 37. Rad1 Rd8 38. Rd4 Rc8 39. Rh1 Kg7 40. h5 Be8 41. hxg6
hxg6 42. Rd2 Bf7 43. Rdh2 Bg8 44. Rh8 Rf8 45. R8h2 Rb8 46. Rd2 Rd8 47. Rd4 Bf7
48. Rh6 Bg8 49. Kf2 Rb8 50. Ke2 Rc8 51. Rd1 Re8 52. Kd2 Rd8 53. Kc1 Rf8 54. Kb1
Rc8 55. Rdh1 Re8 56. Bd1 Rd8 57. R1h2 Rb8 58. Bf3 Rc8 59. Kc2 Nd3 60. Rh1 Nc5
61. Rh8 Rf8 62. R1h6 Nd7 63. Rh1 Nc5 64. R8h4 Rd8 65. R4h2 Rc8 66. Rd1 Rb8 67.
Rhd2 Nb3 68. Rh2 Nc5 69. Rg1 Rd8 70. Kb1 Nb3 71. Bd1 Nc5 72. Bc2 Rb8 73. Kc1
Rc8 74. Kd2 Rd8 75. Ke2 Rc8 76. Rd1 Re8 77. Rd4 Rc8 78. Rd1 Re8 79. Rh4 Rc8
1/2-1/2

[Event "Avoine op 25th"]
[Site "Avoine"]
[Date "2010.??.??"]
[Round "7.40"]
[White "Hutois, Mickael"]
[Black "Monpeurt, Cyrielle"]
[Result "1-0"]
[WhiteElo "2133"]
[BlackElo "1908"]
[PlyCount "59"]
[EventDate "2010.07.??"]
[EventType "swiss"]
[EventRounds "9"]
[EventCountry "FRA"]
[WhiteTeamCountry "FRA"]
[BlackTeamCountry "FRA"]

1. e4 e5 2. Nf3 Nc6 3. Bc4 Bc5 4. Qe2 Nf6 5. Ng5 d5 6. exd5 Nxd5 7. d4 f6 8.
dxc5 fxg5 9. Qh5+ g6 10. Qxg5 Qxg5 11. Bxg5 Ndb4 12. Na3 Nd4 13. O-O-O Ne6 14.
Rhe1 Nc6 15. Bf6 Rf8 16. Bxe5 Rxf2 17. Bg3 Rf6 18. Bh4 g5 19. Bxg5 Rg6 20. h4
h6 21. Bd3 Rg8 22. Bxh6 Rxg2 23. Nb5 Kf7 24. Bc4 Nb4 25. Bd2 Na6 26. Re5 Bd7
27. Nd4 Rg6 28. Rf1+ Ke7 29. h5 Rg4 30. Nxe6 1-0

[Event "Avoine op 25th"]
[Site "Avoine"]
[Date "2010.08.??"]
[Round "7"]
[White "Voss, Chantal"]
[Black "Herdier, Goulwenn"]
[Result "0-1"]
[WhiteElo "1881"]
[BlackElo "2135"]
[PlyCount "82"]
[EventDate "2010.07.??"]
[EventType "swiss"]
[EventRounds "9"]
[EventCountry "FRA"]
[WhiteTeamCountry "FRA"]
[BlackTeamCountry "FRA"]

1. d4 Nf6 2. c4 g6 3. Nc3 Bg7 4. e4 d6 5. Nf3 O-O 6. Be2 e5 7. O-O Nc6 8. d5
Ne7 9. Be3 Ng4 10. Bd2 f5 11. Ne1 Nf6 12. f3 f4 13. Nd3 c5 14. dxc6 bxc6 15. b4
Nd7 16. Qb3 Kh8 17. Rfd1 g5 18. Be1 Qe8 19. Bf2 Rf6 20. c5 Ng8 21. cxd6 Rxd6
22. Nc5 Rh6 23. Bc4 Ngf6 24. Bf7 Qe7 25. Rd2 Ne8 26. Rad1 Nd6 27. Bc4 Nxc4 28.
Qxc4 Nf8 29. b5 g4 30. bxc6 gxf3 31. Nd7 Qg5 32. g3 Ne6 33. Rd6 Qh5 34. h4 Qg4
35. Nxe5 Bxe5 36. Rd8+ Kg7 37. Qd5 Bxc3 38. Qd6 Nxd8 39. Qxd8 Rf6 40. Qc7+ Rf7
41. Qd6 Qh3 0-1